000 00928nam a2200265Ia 4500
003 GCL
008 140319s9999 xx 000 0 ara d
040 _aGCL /
_cGCL
082 0 4 _a330.95
_bم ف
100 1 _aمركز دراسات الوحدة العربية
245 1 0 _aالفكر الاقتصادى العربى وقضايا التحرر والتنمية والوحدة /
_cمركز دراسات الوحدة العربية
700 1 _aمحمود عبدالفضيل
260 _a[S.N] :
_bمركز دراسات الوحدة العربية ،
_c1982
300 _a345 ص
490 _a
650 0 4 _aالعالم العربى
650 0 4 _aسوريا
650 0 4 _aالعراق
650 0 4 _aالتنمية الاقتصادية
650 0 4 _aالبترول
650 0 4 _aلبنان
650 0 4 _aالتنمية الزراعية
650 0 4 _aالنظام العالمى الحديث
942 _2ddc
_cBK
999 _c35187
_d35187